Normal view
MARC view
Entry Topical Term
001 - CONTROL NUMBER
- control field: 28870
003 - CONTROL NUMBER IDENTIFIER
- control field: OSt
005 - DATE AND TIME OF LATEST TRANSACTION
- control field: 20211217142222.0
008 - FIXED-LENGTH DATA ELEMENTS
- fixed length control field: 211217|| aca||aabn | a|a d
040 ## - CATALOGING SOURCE
- Original cataloging agency: OSt
- Transcribing agency: OSt
150 ## - HEADING--TOPICAL TERM
- Topical term or geographic name entry element: Civic media, Polarization, Activism, Media literacy, Civic participation
670 ## - SOURCE DATA FOUND
- Source citation: Work cat.: (OSt): Mihailidis, Paul Foster, Bobbie 28869, The cost of disbelief: Fracturing news ecosystems in an age of rampant media cynicism
